000 00431nam a2200205Ia 4500
001 001850
003 YMCAF
005 20230512160120.0
008 100717s1971 ||||||||||||||||| ||und|d
024 _a1850
035 _a1831
040 _aYMCAF
_beng
_cIN-KoLT
041 _aeng
082 _aELE-WEL
100 _aWELLS ROBERT
245 0 _aELECTRONICS KEY TO EXPLO..
260 _c1971
300 _a174
942 _2ddc
_cBK
999 _c1524
_d1524